[Event "Jubileuszowy FSzach XXX-lecie PUCHARU GOR OPAWSKICH - TURNIEJ Z NORMA IM"]
[Site "POKRZYWNA"]
[Date "1899-12-30"]
[Round "1.1"]
[White "Zylka, Stanislaw"]
[Black "Mischuk, Dmitry"]
[Result "1/2-1/2"]
[WhiteTitle "FM"]
[BlackTitle "IM"]
[WhiteElo "2362"]
[BlackElo "2374"]

1. d4 Nf6 2. c4 e6 3. Nf3 d5 4. g3 dxc4 5. Bg2 Nc6 6. O-O Rb8 7. Nc3 Bb4 8. Qc2
O-O 9. Rd1 Qe7 10. e4 Bxc3 11. bxc3 h6 12. a4 Rd8 13. e5 Nd5 14. Nd2 Na5 15. Bf1
b6 16. Nxc4 Nxc4 17. Bxc4 Bb7 18. Ba2 c5 19. Bb1 f5 20. exf6 Nxf6 21. Re1 cxd4
22. cxd4 Qd7 23. Ba2 Bd5 24. Bf4 Rbc8 25. Qe2 Bxa2 26. Rxa2 Nd5 27. Bd2 Re8 28.
Qd3 Nf6 29. Bf4 Nd5 30. Bd2 Nf6 31. Bf4 Nd5 1/2-1/2

[Event "Jubileuszowy FSzach XXX-lecie PUCHARU GOR OPAWSKICH - TURNIEJ Z NORMA IM"]
[Site "POKRZYWNA"]
[Date "1899-12-30"]
[Round "1.2"]
[White "Aliavdin, Nikolai"]
[Black "Licznerski, Lukasz"]
[Result "0-1"]
[WhiteTitle "IM"]
[BlackTitle "FM"]
[WhiteElo "2300"]
[BlackElo "2360"]

1. e4 c6 2. d4 d5 3. e5 Bf5 4. h4 h5 5. c4 e6 6. Nc3 Be7 7. Nf3 Bg4 8. Qb3 Qb6
9. Ng5 Nh6 10. cxd5 Qxb3 11. axb3 cxd5 12. Be3 Nc6 13. f3 Bf5 14. Kd2 Kd7 15.
Bb5 a6 16. Bd3 f6 17. exf6 gxf6 18. Nh3 Rag8 19. Rag1 Na5 20. Bc2 Bxc2 21. Kxc2
Nf5 22. Bf2 Bd6 23. Ne2 Rc8+ 24. Kd3 Nxb3 25. Nhf4 Ne7 26. g4 hxg4 27. fxg4 e5
28. Nh3 e4+ 29. Ke3 Na5 30. Nef4 Rc2 0-1

[Event "Jubileuszowy FSzach XXX-lecie PUCHARU GOR OPAWSKICH - TURNIEJ Z NORMA IM"]
[Site "POKRZYWNA"]
[Date "1899-12-30"]
[Round "1.3"]
[White "Marszalek, Maciej"]
[Black "Sliwicka, Alicja"]
[Result "0-1"]
[WhiteTitle "FM"]
[BlackTitle "WIM"]
[WhiteElo "2317"]
[BlackElo "2295"]

1. d4 Nf6 2. Nf3 d6 3. g3 Nbd7 4. c4 e5 5. Nc3 g6 6. Bg2 Bg7 7. O-O O-O 8. e4 a6
9. Qc2 exd4 10. Nxd4 Ne5 11. b3 c5 12. Nde2 Rb8 13. a4 Ne8 14. Bb2 Nc7 15. Rad1
Nc6 16. Nd5 Be6 17. Bxg7 Kxg7 18. Ne3 b5 19. axb5 axb5 20. f4 f6 21. Qc3 Rb6 22.
Rd3 Qe7 23. Rfd1 Nb4 24. R3d2 Bc8 25. h3 Bb7 26. e5 Bxg2 27. exd6 Rxd6 28. Rxd6
Bc6 29. Kf2 Re8 30. Ng1 Ne6 31. cxb5 Bxb5 32. Nf3 Nf8 33. Nh4 Kg8 34. Qxc5 Nc2
35. Nhg2 Nxe3 36. Nxe3 Ba6 37. Qd5+ Kg7 38. Qd4 Bb7 39. f5 Be4 40. Ng4 Bxf5 41.
Qxf6+ Qxf6 42. Nxf6 Rb8 43. g4 Be6 44. Ne4 Rxb3 45. Nc5 Rb2+ 46. Kg3 Bf7 47. Rf1
Rc2 48. Ne4 Rc8 49. Ng5 Bg8 50. Rb6 Rc3+ 51. Rf3 Rc7 52. Rb8 Nd7 53. Re3 Nxb8
0-1

[Event "Jubileuszowy FSzach XXX-lecie PUCHARU GOR OPAWSKICH - TURNIEJ Z NORMA IM"]
[Site "POKRZYWNA"]
[Date "1899-12-30"]
[Round "1.4"]
[White "Bulockin, Martin"]
[Black "Dzida, Kamil"]
[Result "1-0"]
[WhiteTitle "k"]
[BlackTitle "k+"]
[WhiteElo "2264"]
[BlackElo "2284"]

1. e4 c5 2. Nf3 d6 3. d4 cxd4 4. Nxd4 Nf6 5. Nc3 a6 6. Be3 e5 7. Nf3 Be7 8. Bc4
Be6 9. Bb3 Qc7 10. O-O O-O 11. Qe2 b5 12. Bg5 Nbd7 13. Rfd1 Rfc8 14. Rac1 Qb7
15. Bxf6 Nxf6 16. Bd5 Nxd5 17. Nxd5 Bxd5 18. Rxd5 f5 19. Rcd1 fxe4 20. Qxe4 Rc4
21. Qf5 Qc8 22. Qxc8+ Raxc8 23. c3 R8c5 24. Kf1 Rxd5 25. Rxd5 Kf7 26. Nd2 Rc7
27. Nb3 Ke6 28. Rd3 d5 29. a3 Bf6 30. Ke2 Rc4 31. g3 d4 32. Nd2 Rc6 33. cxd4 exd4
34. Kd1 Kd5 35. h4 g6 36. Rf3 h5 37. Rb3 Bg7 38. a4 bxa4 39. Ra3 Rb6 40. Rxa4
d3 41. Ra5+ Ke6 42. Nc4 Rc6 43. b3 Bc3 44. Rg5 Kf6 45. Rd5 Re6 46. Rxd3 Re1+ 47.
Kc2 Bb4 48. Rf3+ Ke6 49. Re3+ 1-0

[Event "Jubileuszowy FSzach XXX-lecie PUCHARU GOR OPAWSKICH - TURNIEJ Z NORMA IM"]
[Site "POKRZYWNA"]
[Date "1899-12-30"]
[Round "1.5"]
[White "Paprocki, Jaroslaw"]
[Black "Gazik, Igor"]
[Result "1-0"]
[WhiteTitle "k+"]
[BlackTitle "IM"]
[WhiteElo "2210"]
[BlackElo "2256"]

1. b3 e5 2. Bb2 Nc6 3. e3 Nf6 4. Bb5 Bd6 5. Na3 a6 6. Bxc6 dxc6 7. Nc4 Qe7 8. Ne2
O-O 9. d3 b5 10. Nxd6 cxd6 11. Qd2 c5 12. e4 d5 13. exd5 Nxd5 14. O-O Bb7 15.
f4 exf4 16. Nxf4 Qg5 17. Rf2 Rfe8 18. Nxd5 Qxd5 19. c4 Qe6 20. Qg5 Qg6 21. Qxc5
bxc4 22. dxc4 Rad8 23. Raf1 Rd7 24. Qb4 Red8 25. Qe1 Be4 26. Qe3 Rd1 27. Qe2 R1d7
28. Re1 f5 29. Bc3 Rd3 30. Be5 h5 31. Bc7 R8d7 32. Bg3 Qf6 33. Qxh5 Rd2 34. Qe8+
Kh7 35. Rxe4 Rd1+ 36. Re1 Qa1 37. Rfe2 1-0

[Event "Jubileuszowy FSzach XXX-lecie PUCHARU GOR OPAWSKICH - TURNIEJ Z NORMA IM"]
[Site "POKRZYWNA"]
[Date "1899-12-30"]
[Round "2.1"]
[White "Mischuk, Dmitry"]
[Black "Gazik, Igor"]
[Result "0-1"]
[WhiteTitle "IM"]
[BlackTitle "IM"]
[WhiteElo "2374"]
[BlackElo "2256"]

1. e4 Nf6 2. e5 Nd5 3. d4 Nb6 4. Nf3 d5 5. Bd3 Bg4 6. h3 Bxf3 7. Qxf3 e6 8. O-O
c5 9. dxc5 N6d7 10. Qg3 Nc6 11. Bf4 Nxc5 12. Nd2 Qb6 13. c4 Nxd3 14. Qxd3 Qd4
15. Qg3 dxc4 16. Rac1 b5 17. a4 a6 18. Rfd1 Rd8 19. axb5 axb5 20. b3 Ba3 21. Ra1
Bb2 22. Ra6 Nxe5 23. Be3 Qd5 24. Rb1 Bd4 25. bxc4 bxc4 26. Nf1 O-O 27. Rd1 Nd3
28. Ra4 Be5 29. Qg4 Rc8 30. Ra2 c3 31. Qe2 Rfd8 32. Rb1 Rb8 33. Rxb8 Rxb8 34.
Ra7 c2 35. Ra3 c1=Q 36. Rxd3 Qcc4 0-1

[Event "Jubileuszowy FSzach XXX-lecie PUCHARU GOR OPAWSKICH - TURNIEJ Z NORMA IM"]
[Site "POKRZYWNA"]
[Date "1899-12-30"]
[Round "2.2"]
[White "Dzida, Kamil"]
[Black "Paprocki, Jaroslaw"]
[Result "0-1"]
[WhiteTitle "k+"]
[BlackTitle "k+"]
[WhiteElo "2284"]
[BlackElo "2210"]

1. e4 e5 2. Nf3 Nc6 3. Bc4 Bc5 4. c3 Nf6 5. d3 a6 6. Bb3 d6 7. Nbd2 O-O 8. h3 h6
9. Nf1 d5 10. Qe2 Be6 11. Ng3 Re8 12. O-O Qd7 13. Kh2 dxe4 14. dxe4 Bxb3 15. axb3
Rad8 16. Bd2 Qd3 17. Rae1 Qxe2 18. Rxe2 a5 19. Nf5 Rd3 20. Rc1 Rd7 21. g4 Nh7
22. h4 Nf8 23. Ne3 f6 24. g5 hxg5 25. hxg5 Ng6 26. Nd5 Kf7 27. b4 axb4 28. cxb4
Bd6 29. Kg2 Rh8 30. Ree1 Nd4 31. Nxd4 Nh4+ 32. Kf1 exd4 33. Ke2 c6 34. Nb6 Re7
35. f3 d3+ 36. Kf2 Nxf3 37. Kxf3 Rh3+ 38. Kf2 Bg3+ 39. Kg2 Bxe1 40. Rxe1 Rh4 41.
Nc4 Ke6 42. b3 fxg5 43. Kg3 Rh5 44. Nb2 Rd7 45. Re3 b6 46. Rxd3 Rh4 47. Rxd7 Kxd7
48. e5 Re4 49. Nc4 b5 50. Kf3 Rh4 51. Nb2 Rh3+ 52. Ke4 Rh2 53. Bc1 g6 54. Nd3
Rh4+ 55. Ke3 Ke6 56. Bb2 Kd5 57. Nc5 Rh3+ 58. Kd2 Rh2+ 59. Kc1 Rh1+ 60. Kc2 Rh2+
61. Kb1 g4 62. e6 g3 63. e7 Re2 64. Nd3 Rxe7 65. Bc1 Ke4 66. Kc2 g2 67. Nf2+ Kf3
68. Nh3 Kg3 69. Ng1 Re1 0-1

[Event "Jubileuszowy FSzach XXX-lecie PUCHARU GOR OPAWSKICH - TURNIEJ Z NORMA IM"]
[Site "POKRZYWNA"]
[Date "1899-12-30"]
[Round "2.3"]
[White "Sliwicka, Alicja"]
[Black "Bulockin, Martin"]
[Result "1-0"]
[WhiteTitle "WIM"]
[BlackTitle "k"]
[WhiteElo "2295"]
[BlackElo "2264"]

1. e4 c5 2. Nf3 d6 3. d4 cxd4 4. Nxd4 Nf6 5. Nc3 Nc6 6. Bg5 e6 7. Bb5 Bd7 8. Bxc6
Bxc6 9. Nxc6 bxc6 10. e5 Qa5 11. Bxf6 gxf6 12. exd6 Qe5+ 13. Qe2 Bxd6 14. O-O-O
Qxe2 15. Nxe2 Ke7 16. Rd3 Rhg8 17. Rhd1 Rad8 18. g3 Bc5 19. Nd4 Bxd4 20. Rxd4
Rxd4 21. Rxd4 Rg5 22. Kd2 Rh5 23. Rb4 a5 24. Rb7+ Kf8 25. Rc7 Rc5 26. b3 Rd5+
27. Ke2 Re5+ 28. Kf1 Rc5 29. c4 a4 30. f4 axb3 31. axb3 h5 32. h3 h4 33. gxh4
Rf5 34. Rxc6 Rxf4+ 35. Kg2 Rd4 36. b4 f5 37. b5 e5 38. Rc5 Rd2+ 39. Kf1 Rb2 40.
Rxe5 Rb4 41. Rc5 Kg7 42. Rc6 f6 43. b6 Kg6 44. c5 f4 45. Rc7 Kf5 46. Re7 f3 47.
b7 Kf4 48. c6 Kg3 49. Rg7+ 1-0

[Event "Jubileuszowy FSzach XXX-lecie PUCHARU GOR OPAWSKICH - TURNIEJ Z NORMA IM"]
[Site "POKRZYWNA"]
[Date "1899-12-30"]
[Round "2.4"]
[White "Licznerski, Lukasz"]
[Black "Marszalek, Maciej"]
[Result "1/2-1/2"]
[WhiteTitle "FM"]
[BlackTitle "FM"]
[WhiteElo "2360"]
[BlackElo "2317"]

1. e4 e6 2. d4 d5 3. Nd2 c5 4. Ngf3 Nc6 5. Bb5 cxd4 6. Nxd4 Bd7 7. Nxc6 Bxc6 8.
Bxc6+ bxc6 9. c4 dxe4 10. Qa4 Qb6 11. Nxe4 Qb4+ 12. Qxb4 Bxb4+ 13. Bd2 Bxd2+ 14.
Kxd2 Nf6 15. Nxf6+ gxf6 16. Rhd1 Rg8 17. g3 O-O-O 18. Kc2 Rg4 19. Kc3 Re4 20.
Rxd8+ Kxd8 21. Rd1+ Kc7 22. Rd4 Re2 23. Rh4 Rxf2 24. Rxh7 Kd6 25. Rxf7 a5 26.
h4 Rg2 27. Rg7 f5 28. Rg5 Rh2 29. a3 c5 30. Kb3 a4+ 31. Kxa4 Rxb2 32. h5 Rh2 33.
Kb5 Rb2+ 34. Ka5 Rb3 35. a4 Rb8 36. Rg7 Rh8 37. Kb6 Rxh5 38. Rg8 Rh1 39. Rd8+
Ke7 40. Rd3 Ra1 41. a5 e5 42. a6 e4 43. Rb3 Kd6 44. a7 Ke5 45. Rb5 Rxa7 46. Kxa7
Kd4 47. Kb6 e3 48. Rxc5 e2 49. Rd5+ Kxc4 50. Re5 Kd3 51. Kc5 Kd2 52. Rd5+ Kc2
53. Re5 Kd2 54. Kd4 e1=Q 55. Rxe1 Kxe1 56. Ke3 Kf1 57. Kf4 Kg2 58. Kg5 Kxg3 59.
Kxf5 1/2-1/2

[Event "Jubileuszowy FSzach XXX-lecie PUCHARU GOR OPAWSKICH - TURNIEJ Z NORMA IM"]
[Site "POKRZYWNA"]
[Date "1899-12-30"]
[Round "2.5"]
[White "Zylka, Stanislaw"]
[Black "Aliavdin, Nikolai"]
[Result "1/2-1/2"]
[WhiteTitle "FM"]
[BlackTitle "IM"]
[WhiteElo "2362"]
[BlackElo "2300"]

1. d4 Nf6 2. c4 c5 3. d5 e6 4. Nc3 exd5 5. cxd5 d6 6. e4 g6 7. f4 Bg7 8. Bb5+ Nfd7
9. a4 O-O 10. Nf3 Na6 11. O-O Nb4 12. Be3 a6 13. Be2 Re8 14. Bf2 b6 15. Bh4 Bf6
16. Bg3 Bb7 17. Kh1 Bg7 18. Bc4 Nf6 19. Bh4 Qd7 20. e5 Ng4 21. Re1 dxe5 22. h3
exf4 23. hxg4 Qxg4 24. Ne4 Qh5 25. Kg1 Bxd5 26. Bxd5 Nxd5 27. Qb3 Ne3 28. Nd6
c4 29. Nxc4 Qd5 30. Ncd2 Qxb3 31. Nxb3 Bxb2 32. Rab1 Bc3 33. Rec1 Rac8 34. Bg5
Re4 35. Nbd2 Rxa4 36. Bf6 Nd5 37. Bxc3 Nxc3 38. Kf1 b5 39. Rb3 b4 40. Ne4 Kg7
41. Nxc3 bxc3 42. Rbxc3 Rxc3 43. Rxc3 Kf6 44. Rc5 h6 45. Ke2 g5 46. Rc6+ Kg7 47.
Rc7 g4 48. Nd2 h5 49. Kd3 Kg6 50. Nc4 f6 51. Ke4 Ra2 52. Kxf4 Rxg2 53. Rc6 Rf2+
54. Kg3 Rf3+ 55. Kg2 Rf4 56. Ne5+ Kf5 57. Nd7 Kg5 58. Nf8 Ra4 59. Nh7+ Kh4 60.
Nxf6 Ra2+ 61. Kg1 a5 62. Rc5 a4 63. Nxh5 a3 1/2-1/2

[Event "Jubileuszowy FSzach XXX-lecie PUCHARU GOR OPAWSKICH - TURNIEJ Z NORMA IM"]
[Site "POKRZYWNA"]
[Date "1899-12-30"]
[Round "3.1"]
[White "Aliavdin, Nikolai"]
[Black "Mischuk, Dmitry"]
[Result "1-0"]
[WhiteTitle "IM"]
[BlackTitle "IM"]
[WhiteElo "2300"]
[BlackElo "2374"]

1. e4 d6 2. d4 Nf6 3. Nc3 e5 4. Nf3 Nbd7 5. Bc4 Be7 6. O-O O-O 7. Re1 c6 8. a4
a5 9. h3 Nb6 10. Bb3 Nfd7 11. Be3 exd4 12. Nxd4 Nc5 13. Qf3 Nxb3 14. cxb3 Be6
15. Rad1 Nd7 16. Qg3 Ne5 17. Re2 Bd7 18. Red2 Ng6 19. Nf5 Be6 20. Bc5 Re8 21.
Bxd6 Bh4 22. Qh2 Qb6 23. Nxh4 Nxh4 24. Qg3 Ng6 25. h4 Bxb3 26. Re1 h6 27. h5 Nf8
28. e5 Kh8 29. Kh2 Nh7 30. f4 Be6 31. Ne4 Bd5 32. Bc5 Qb3 33. Re3 Qc4 34. b3 Qc1
35. Rc3 Qb1 36. Nd6 f6 37. Nxe8 Rxe8 38. Qg6 Qxg6 39. hxg6 Nf8 40. Bxf8 Rxf8 41.
exf6 gxf6 42. f5 Re8 43. g4 Kg7 44. Kg3 Re4 45. Rxd5 cxd5 46. Rc7+ Kg8 47. Rf7
Re8 48. Rxf6 Rd8 49. Kf2 d4 50. Ke2 d3+ 51. Kd2 Rd4 52. Rf7 Rxg4 53. Rxb7 Rg5
54. Rf7 h5 55. Kxd3 h4 56. Ke4 Rh5 57. Rc7 Rh6 58. Ke5 1-0

[Event "Jubileuszowy FSzach XXX-lecie PUCHARU GOR OPAWSKICH - TURNIEJ Z NORMA IM"]
[Site "POKRZYWNA"]
[Date "1899-12-30"]
[Round "3.2"]
[White "Marszalek, Maciej"]
[Black "Zylka, Stanislaw"]
[Result "1/2-1/2"]
[WhiteTitle "FM"]
[BlackTitle "FM"]
[WhiteElo "2317"]
[BlackElo "2362"]

1. d4 d5 2. Nf3 Nf6 3. c4 e6 4. g3 dxc4 5. Qa4+ Nbd7 6. Qxc4 a6 7. Bg2 b5 8. Qc2
Bb7 9. O-O c5 10. dxc5 Bxc5 11. Nc3 Rc8 12. a3 O-O 13. Bd2 h6 14. Rac1 Nb6 15.
b4 Bd6 16. Rfd1 Nc4 17. Bf4 Qb6 18. Bxd6 Nxd6 19. Qb3 Ng4 20. Rf1 Ne3 21. Na4
bxa4 22. Qxe3 Qxe3 23. fxe3 Nb5 24. Ne5 Bxg2 25. Kxg2 Nxa3 26. Nd7 Nc2 27. Nxf8
Kxf8 28. Kf2 a3 29. e4 a2 30. e3 Ke7 31. Ke2 Kd6 32. Kd2 Na3 33. Rxc8 Nb1+ 34.
Kc2 a1=Q 35. Rxb1 Qa4+ 36. Rb3 Ke5 37. Kb2 Qd7 38. Rc2 g5 39. Rbc3 Kxe4 40. Ka3
f5 41. Kb2 Qb5 42. Ka3 a5 43. bxa5 Qxa5+ 44. Kb2 Qb5+ 45. Rb3 Qe5+ 46. Kb1 h5
47. Rc4+ Kf3 48. e4+ Kg2 49. exf5 exf5 50. Rc2+ Kh3 51. Rbb2 h4 52. Rb3 g4 53.
Rbc3 Qb5+ 54. Kc1 Qf1+ 55. Kb2 Qe1 56. Rb3 Qe5+ 57. Kb1 Qe4 58. Kb2 Qd4+ 59. Kb1
Qe5 60. Rbc3 Qb5+ 61. Kc1 Qb4 62. Rd3 Qb5 63. Rdc3 1/2-1/2

[Event "Jubileuszowy FSzach XXX-lecie PUCHARU GOR OPAWSKICH - TURNIEJ Z NORMA IM"]
[Site "POKRZYWNA"]
[Date "1899-12-30"]
[Round "3.3"]
[White "Bulockin, Martin"]
[Black "Licznerski, Lukasz"]
[Result "1/2-1/2"]
[WhiteTitle "k"]
[BlackTitle "FM"]
[WhiteElo "2264"]
[BlackElo "2360"]

1. e4 c6 2. Nf3 d5 3. d3 Bg4 4. Be2 Nf6 5. Nbd2 e6 6. O-O Be7 7. h3 Bxf3 8. Bxf3
Nbd7 9. d4 O-O 10. c4 Qb6 11. e5 Ne8 12. c5 Qc7 13. b4 a5 14. bxa5 Qxa5 15. Qc2
b6 16. cxb6 Qxb6 17. a4 Qxd4 18. Bb2 Qc5 19. Qd3 Qa7 20. Rfb1 Nc7 21. Bd1 Rfb8
22. Bc2 Nf8 23. Nf3 c5 24. Nh2 c4 25. Qg3 d4 26. Be4 Nd5 27. h4 h5 28. Nf3 d3
29. Bxd5 exd5 30. Bd4 Rxb1+ 31. Rxb1 Bc5 32. Bxc5 Qxc5 33. Ng5 Qe7 34. Qf3 Rd8
35. a5 d4 36. Rb7 Rd7 37. Rb8 d2 38. Qxh5 Rd8 39. Rxd8 d1=Q+ 40. Qxd1 Qxd8 41.
a6 d3 42. Qf3 Qd7 43. Ne4 Ne6 44. Qe3 Nd4 45. Qg5 Kh8 46. Qh5+ Kg8 47. Qg5 Kh8
48. Qh5+ Kg8 49. Qg5 Kh8 50. Qh5+ 1/2-1/2

[Event "Jubileuszowy FSzach XXX-lecie PUCHARU GOR OPAWSKICH - TURNIEJ Z NORMA IM"]
[Site "POKRZYWNA"]
[Date "1899-12-30"]
[Round "3.4"]
[White "Paprocki, Jaroslaw"]
[Black "Sliwicka, Alicja"]
[Result "0-1"]
[WhiteTitle "k+"]
[BlackTitle "WIM"]
[WhiteElo "2210"]
[BlackElo "2295"]

1. Nf3 Nf6 2. c4 c5 3. b3 Nc6 4. Bb2 e6 5. g3 Be7 6. Bg2 O-O 7. O-O d5 8. cxd5
exd5 9. d4 Be6 10. Nc3 a6 11. dxc5 Bxc5 12. e3 Rc8 13. Na4 Ba7 14. Rc1 Qe7 15.
Ne5 Nxe5 16. Bxe5 Rxc1 17. Qxc1 b5 18. Nc3 Nd7 19. Bd4 Bxd4 20. exd4 Qd6 21. Ne2
Nf6 22. Qc5 Qb8 23. Nf4 Rc8 24. Qa3 Qb6 25. Rc1 Rxc1+ 26. Qxc1 Qxd4 27. Nxe6 fxe6
28. Qc8+ Kf7 29. Qb7+ Kf8 30. Qc8+ Ke7 31. Qb7+ Nd7 32. Qxa6 b4 33. Bf1 Qb6 34.
Qc8 Nf6 35. Bd3 Ng4 36. Qc2 g6 37. Qb2 Nf6 38. a4 bxa3 39. Qxa3+ Kf7 40. h3 e5
41. b4 e4 42. Bf1 Nd7 43. Qa5 Qe6 44. Qa7 Ke7 45. Qd4 Ne5 46. Be2 Kf7 47. Kg2
h5 48. Bd1 Nc6 49. Qb6 Ne7 50. Qc7 d4 51. Qf4+ Kg7 52. g4 Nd5 53. Qg5 Nc3 54.
Bc2 hxg4 55. hxg4 d3 56. Qd2 Qxg4+ 57. Kh2 Ne2 58. Bxd3 exd3 59. Qe3 Qf4+ 0-1

[Event "Jubileuszowy FSzach XXX-lecie PUCHARU GOR OPAWSKICH - TURNIEJ Z NORMA IM"]
[Site "POKRZYWNA"]
[Date "1899-12-30"]
[Round "3.5"]
[White "Gazik, Igor"]
[Black "Dzida, Kamil"]
[Result "0-1"]
[WhiteTitle "IM"]
[BlackTitle "k+"]
[WhiteElo "2256"]
[BlackElo "2284"]

1. Nf3 Nf6 2. g3 d5 3. Bg2 e6 4. d3 c5 5. Nbd2 Nc6 6. e4 Be7 7. O-O b6 8. Re1 O-O
9. c3 Qc7 10. Qe2 Bb7 11. e5 Nd7 12. Nf1 b5 13. h4 b4 14. N1h2 bxc3 15. bxc3 Ba6
16. Ng4 Qa5 17. Qc2 Rab8 18. Bf1 Nb6 19. a4 d4 20. cxd4 Nxd4 21. Nxd4 cxd4 22.
Qd1 Nd5 23. Bd2 Nc3 24. Re4 Qd8 25. Bxc3 dxc3 26. Ne3 Qc7 27. d4 Bxf1 28. Kxf1
Rfc8 29. Rc1 Qb7 30. Rf4 Qh1+ 31. Ke2 Rb2+ 32. Rc2 Qb7 33. Qd3 Qc6 34. Nd1 Rxc2+
35. Qxc2 Qc4+ 36. Kf3 Bb4 37. Ne3 Qc6+ 38. Kg4 g6 39. f3 Ba5 40. h5 Rb8 41. d5
exd5 42. Rf6 Qd7+ 43. e6 fxe6 44. hxg6 h6 45. Rf7 Qd8 46. f4 d4 47. Qh2 dxe3 48.
Qxh6 Qd1+ 49. Kg5 Bd8+ 50. Rf6 Bxf6+ 51. Kxf6 Qd8+ 52. Kxe6 Rb6+ 0-1

[Event "Jubileuszowy FSzach XXX-lecie PUCHARU GOR OPAWSKICH - TURNIEJ Z NORMA IM"]
[Site "POKRZYWNA"]
[Date "1899-12-30"]
[Round "4.1"]
[White "Mischuk, Dmitry"]
[Black "Dzida, Kamil"]
[Result "1/2-1/2"]
[WhiteTitle "IM"]
[BlackTitle "k+"]
[WhiteElo "2374"]
[BlackElo "2284"]

1. c4 Nf6 2. Nc3 e5 3. Nf3 Nc6 4. e3 Bb4 5. Qc2 O-O 6. Nd5 Be7 7. a3 a5 8. b3 d6
9. Ng5 g6 10. Nxe7+ Qxe7 11. Bb2 Nd7 12. h4 f6 13. Ne4 f5 14. Nc3 Nf6 15. Nd5
Qf7 16. Nxf6+ Qxf6 17. f4 h5 18. O-O-O Rd8 19. Bd3 Be6 20. Rdf1 Rd7 21. Be2 Rad8
22. Qc3 Qf7 23. fxe5 dxe5 24. d3 Qf8 25. Rf3 Qc5 26. Kb1 Kh7 27. Rd1 f4 28. d4
exd4 29. exd4 Rxd4 30. Rd2 Bf5+ 31. Ka1 Qe7 32. Bd3 Ne5 33. Re2 Bxd3 34. Rxd3
Rxd3 35. Rxe5 Qd7 36. Qxa5 Rxb3 37. Rxh5+ gxh5 38. Qxh5+ Kg8 39. Qh8+ 1/2-1/2

[Event "Jubileuszowy FSzach XXX-lecie PUCHARU GOR OPAWSKICH - TURNIEJ Z NORMA IM"]
[Site "POKRZYWNA"]
[Date "1899-12-30"]
[Round "4.2"]
[White "Sliwicka, Alicja"]
[Black "Gazik, Igor"]
[Result "1/2-1/2"]
[WhiteTitle "WIM"]
[BlackTitle "IM"]
[WhiteElo "2295"]
[BlackElo "2256"]

1. e4 g6 2. d4 Bg7 3. Nc3 d6 4. f4 Nf6 5. Nf3 O-O 6. Bd3 Bg4 7. h3 Bxf3 8. Qxf3
Nc6 9. Be3 e5 10. dxe5 dxe5 11. f5 Nd4 12. Qf2 b5 13. O-O c5 14. Rad1 c4 15. Be2
b4 16. Bxd4 exd4 17. e5 bxc3 18. exf6 Qxf6 19. bxc3 dxc3 20. Bxc4 Rad8 21. Kh1
Qxf5 22. Bxf7+ Kh8 23. Rxd8 Rxd8 24. Qxf5 gxf5 25. Rxf5 Rf8 26. g4 Bh6 27. Kg2
Bd2 28. h4 Kg7 29. Be6 Rxf5 30. Bxf5 h6 31. Kf3 Kf6 32. Ke4 Be1 33. h5 Bd2 34.
Kd4 Be1 35. a4 Bd2 36. a5 Be1 37. a6 Bd2 38. Kd5 1/2-1/2

[Event "Jubileuszowy FSzach XXX-lecie PUCHARU GOR OPAWSKICH - TURNIEJ Z NORMA IM"]
[Site "POKRZYWNA"]
[Date "1899-12-30"]
[Round "4.3"]
[White "Licznerski, Lukasz"]
[Black "Paprocki, Jaroslaw"]
[Result "1/2-1/2"]
[WhiteTitle "FM"]
[BlackTitle "k+"]
[WhiteElo "2360"]
[BlackElo "2210"]

1. e4 e5 2. Nf3 Nc6 3. Bb5 Nf6 4. O-O Bc5 5. c3 O-O 6. d4 Bb6 7. Bg5 h6 8. Bh4
d6 9. Qc1 Qe7 10. a4 a6 11. Bxc6 bxc6 12. Re1 Qe6 13. Nbd2 Nh5 14. Nf1 Nf4 15.
Qd2 Nxg2 16. Kxg2 Qh3+ 17. Kg1 Qxf3 18. Re3 Qh5 19. Bg3 f5 20. exf5 Bxf5 21. Ree1
exd4 22. cxd4 a5 23. Rac1 Bh3 24. Qe2 Bg4 25. Qc4+ Kh8 26. Qxc6 Bf3 27. Qc4 Bb7
28. Rc3 Rae8 29. Rxe8 Rxe8 30. Re3 Rxe3 31. Nxe3 Qf3 32. Kf1 Qe4 33. d5 Qb1+ 34.
Kg2 Qxb2 35. Qe4 Bxe3 36. Qe8+ Kh7 37. Qe4+ Kh8 38. Qe8+ Kh7 39. Qe4+ g6 40. Qxe3
Bxd5+ 41. Kf1 Qb1+ 42. Ke2 Qe4 43. Qxe4 Bxe4 44. f4 Bc2 45. Be1 Bxa4 46. Bxa5
c6 47. Ke3 Kg7 48. Bc7 d5 49. Be5+ Kf7 50. Kd4 Ke6 51. Bg7 h5 52. h4 Kf5 53. Bh6
Ke6 54. Kc5 Bb3 55. Bg5 Kf5 56. Kd4 c5+ 57. Kxc5 Ke4 58. Bf6 Kxf4 59. Kd4 1/2-1/2

[Event "Jubileuszowy FSzach XXX-lecie PUCHARU GOR OPAWSKICH - TURNIEJ Z NORMA IM"]
[Site "POKRZYWNA"]
[Date "1899-12-30"]
[Round "4.4"]
[White "Zylka, Stanislaw"]
[Black "Bulockin, Martin"]
[Result "1-0"]
[WhiteTitle "FM"]
[BlackTitle "k"]
[WhiteElo "2362"]
[BlackElo "2264"]

1. d4 Nf6 2. c4 e6 3. Nf3 c5 4. g3 cxd4 5. Nxd4 Qc7 6. Nc3 a6 7. Bg2 Qxc4 8. Bf4
Nc6 9. Nxc6 bxc6 10. Rc1 Qb4 11. O-O Nd5 12. Nxd5 cxd5 13. e4 Bd6 14. a3 Qb6 15.
Be3 Qb8 16. exd5 e5 17. Qg4 g6 18. Qg5 Be7 19. Rxc8+ Qxc8 20. Qxe5 f6 21. Qd4
d6 22. Bh6 Kf7 23. Bf3 Bf8 24. Bg4 f5 25. Qxh8 Bxh6 26. Qxh7+ Bg7 27. Bd1 Qc4
28. Re1 Qd4 29. Qh3 Qxb2 30. Qh4 Qd2 31. Qe7+ Kg8 32. Ba4 Rb8 33. Qe6+ Kh8 34.
Rd1 Qg5 35. Qxd6 Rd8 36. Qxa6 f4 37. Qc4 Be5 38. Qe4 Kg7 39. Re1 Kf6 40. h4 Qf5
41. Qxf5+ Kxf5 42. Bc2+ Kf6 43. gxf4 Bxf4 44. Re6+ Kg7 45. Be4 Bd6 46. Rxg6+ Kf7
47. a4 Bc5 48. h5 Re8 49. Re6 Rb8 50. h6 Rb2 51. Bg6+ 1-0

[Event "Jubileuszowy FSzach XXX-lecie PUCHARU GOR OPAWSKICH - TURNIEJ Z NORMA IM"]
[Site "POKRZYWNA"]
[Date "1899-12-30"]
[Round "4.5"]
[White "Aliavdin, Nikolai"]
[Black "Marszalek, Maciej"]
[Result "1-0"]
[WhiteTitle "IM"]
[BlackTitle "FM"]
[WhiteElo "2300"]
[BlackElo "2317"]

1. e4 e5 2. Nf3 Nc6 3. Bb5 a6 4. Ba4 Nf6 5. Qe2 b5 6. Bb3 Bc5 7. a4 Rb8 8. axb5
axb5 9. O-O O-O 10. d3 d6 11. Be3 Bg4 12. h3 Bh5 13. Nbd2 Qd7 14. c3 Rfe8 15.
Bxc5 dxc5 16. Qe3 Qd6 17. g4 Bg6 18. Rfd1 Nd8 19. Nh4 Qb6 20. Nf5 Ne6 21. Kh2
Nd7 22. Nf3 Rbd8 23. Ra2 c4 24. dxc4 Qxe3 25. fxe3 Nec5 26. Bc2 bxc4 27. Ra7 Nf6
28. Rxd8 Rxd8 29. Rxc7 Nfxe4 30. Bxe4 Nxe4 31. Ne7+ Kf8 32. Nc6 Ra8 33. Ncxe5
Ra2 34. Nxc4 Nxc3 35. Nfe5 Nd5 36. Rb7 f6 37. Nd7+ Ke8 38. Nc5 Kf8 39. Ne6+ Ke8
40. Nd6# 1-0

[Event "Jubileuszowy FSzach XXX-lecie PUCHARU GOR OPAWSKICH - TURNIEJ Z NORMA IM"]
[Site "POKRZYWNA"]
[Date "1899-12-30"]
[Round "5.1"]
[White "Marszalek, Maciej"]
[Black "Mischuk, Dmitry"]
[Result "1-0"]
[WhiteTitle "FM"]
[BlackTitle "IM"]
[WhiteElo "2317"]
[BlackElo "2374"]

1. d4 d5 2. Nf3 Nf6 3. g3 c6 4. Bg2 g6 5. O-O Bg7 6. c4 O-O 7. Ne5 Ng4 8. cxd5
Nxe5 9. dxe5 Bxe5 10. Nc3 cxd5 11. Bh6 Bg7 12. Bxg7 Kxg7 13. Nxd5 Nc6 14. Qb3
Qa5 15. Rfd1 Rb8 16. Qe3 Be6 17. Nf4 Qe5 18. Qxe5+ Nxe5 19. Nxe6+ fxe6 20. f4
Nc4 21. Rd7 Kf7 22. Rc1 Nb6 23. Rxb7 Rxb7 24. Bxb7 Rd8 25. Rc2 Rd1+ 26. Kf2 Ra1
27. a3 Kf6 28. Bf3 Ra2 29. Rc7 Rxb2 30. Rxa7 Nd5 31. a4 Ra2 32. a5 h5 33. h4 Ra1
34. Ra6 Kf7 35. Ra8 Ra4 36. Bxd5 exd5 37. a6 Ra3 38. a7 Kg7 39. Ke1 Ra2 40. Kd1
Kf7 41. Kc1 Kg7 42. Kb1 Ra6 43. Kc2 Kf7 44. Kc3 Ra4 45. Kb3 Ra1 46. Kb4 Ra2 47.
Kc5 Ra1 48. Kxd5 Ra5+ 49. Ke4 Ra4+ 50. Kf3 Ra1 51. g4 hxg4+ 52. Kxg4 Ra5 53. e4
Kg7 54. h5 gxh5+ 55. Kh4 Kf7 56. f5 Ra1 57. Kxh5 Ra4 58. Kg5 Ra1 59. e5 Ra5 60.
Kf4 Ra1 61. Ke3 Ra5 62. Kd4 Ra4+ 63. Kc3 Ra5 64. f6 1-0

[Event "Jubileuszowy FSzach XXX-lecie PUCHARU GOR OPAWSKICH - TURNIEJ Z NORMA IM"]
[Site "POKRZYWNA"]
[Date "1899-12-30"]
[Round "5.2"]
[White "Bulockin, Martin"]
[Black "Aliavdin, Nikolai"]
[Result "1/2-1/2"]
[WhiteTitle "k"]
[BlackTitle "IM"]
[WhiteElo "2264"]
[BlackElo "2300"]

1. d4 Nf6 2. Bf4 d5 3. e3 c5 4. c3 Nc6 5. Nd2 cxd4 6. exd4 Bg4 7. Qb3 Qd7 8. Ngf3
Bxf3 9. Nxf3 a6 10. Be2 e6 11. O-O Be7 12. Ne5 Qc8 13. Nxc6 Qxc6 14. a4 O-O 15.
Rfc1 Bd6 16. Bxd6 Qxd6 17. a5 Rfc8 18. Ra4 Rab8 19. g3 Rc6 20. Qa3 Qc7 21. Rb4
g6 22. Ra1 Ne8 23. Qb3 Nd6 24. Qd1 Kg7 25. h4 h5 26. Kg2 Rc8 27. Ra3 Qd8 28. Bd3
R8c7 29. Qf3 Qf6 30. Qe3 Nc4 31. Bxc4 Rxc4 32. Rab3 Rxb4 33. Rxb4 Qf5 34. Rb6
Rd7 35. Kh2 1/2-1/2